000
00305nam a22001337a 4500
008
170908b xxu||||| |||| 00| 0 eng d
020
_a
9780792263357
041
_a
eng
080
_a
91
100
_a
42
101
_a
GJEO
245
_a
TGE SOUTHWEST GOLD, GOD, & GRAUNDER
_c
WALKER,P.R
942
_2
udc
_c
BK
999
_c
26913
_d
26913